000 02810nam a2200241Ia 4500
003 Ost
005 20260507074917.0
008 260507s9999||||xx |||||||||||||| ||und||
040 _cfsecg
041 _aara
082 _a658.404
100 _aالعلي، عبد الستار
_eمؤلف
245 0 _aإدارة المشروعات العامة /
_c عبد الستار العلي
260 _aعمان:
_bدار المسيرة,
_c2008
300 _a575 صفحة؛
_bإيضاحات ؛
_c25 سم
504 _aببليوغرافيا: ص.515؛ ملاحق: ص.250
520 _aالمحتويات : الباب الأول : المدخل إلى إدارة المشروعات : الفصل الأول : مفهوم وطبيعة إدارة المشروع : تعريف المشروع : الفصل الثاني : المدخل إلى إدارة المشروعات : مفهوم ووظائف إدارة المشروعات : الفصل الثالث : المداخل النظيمية في إدارة المشروعات : تعريف النظام والطريقة النظمية بالتفكير : الفصل الرابع : القيادة والجودة والمعلوماتية في إدارة المشروعات : نمط القيادة في إدارة المشروعات-الباب الثاني : دورة حياة المشروعات : الفصل الخامس : دورة حياة المشروع : نظم دورة حياة المشروع : الفصل السادس : دراسة الجدوى في إدارة المشروعات : مفهوم دراسة الجدوى-الباب الثالث : مراحل تخطيط وتنفيذ المشروع : الفصل السابع : دراسة الجدوى : معايير اختيار المشروع : نماذج معايير اختيار المشروع : الفصل الثامن : التخطيط والسيطرة على المشروع : خطوات تخطيط المشروع : الفصل التاسع : جدولة فعاليات تنفيذ المشروع : مفهوم جدولة المشروع : الفصل العاشر : تقديرات الكلف وموازنة المشروع : تقديرات كلف المشروع : الفصل الحادي عشر : السيطرة على المشروع : مفهوم عملية السيطرة على المشروع : الفصل الثاني عشر : إدارة الخطر في المشروعات : مفهوم وطبيعة الخطر : الفصل الثالث عشر : تقييم المشروع وإنجازه : تقييم المشروع : الفصل الرابع عشر : هندسة القيمة في إدارة المشروعات : المدخل والمفهوم إلى هندسة القيمة.
653 _aادارة الاعمال
653 _aالتخطيط
653 _aالتنفيذ
653 _aالمشروعات
942 _cكتاب
999 _c41779
_d41779